[Event "FRA-chT1 0910"]
[Site "France"]
[Date "2009.12.13"]
[Round "7.7"]
[White "Ershov, Ruslan"]
[Black "Guerin, Gilles"]
[Result "0-1"]
[WhiteElo "1919"]
[BlackElo "2224"]
[PlyCount "58"]
[EventDate "2009.09.27"]
[EventType "team-tourn"]
[EventRounds "11"]
[EventCountry "FRA"]
[SourceTitle "EXT 2011"]
[Source "ChessBase"]
[SourceDate "2010.11.26"]
[SourceVersion "1"]
[SourceVersionDate "2010.11.26"]
[SourceQuality "1"]

1. d4 Nf6 2. c4 d6 3. Nc3 Nbd7 4. Nf3 e5 5. dxe5 dxe5 6. Bg5 c6 7. e3 Qa5 8. Bxf6 Nxf6 9. Qa4 Qxa4 10. Nxa4 Bb4+ 11. Nc3 Ne4 12. a3 Bxc3+ 13. bxc3 f6 14. Bd3 Nc5 15. Be2 Bf5 16. 0-0-0 Ke7 17. Kb2 g5 18. h4 a6 19. Nd2 Rad8 20. f3 Na4+ 21. Kb3 Nc5+ 22. Kb2 Bd3 23. Bf1 gxh4 24. Nb3 Na4+ 25. Kc1 Bxf1 26. Rdxf1 Rd3 27. Na5 Rxc3+ 28. Kb1 Rd8 29. Rxh4 Rd2 0-1

[Event "FRA-chT1 0910"]
[Site "France"]
[Date "2009.12.12"]
[Round "6.8"]
[White "Chebance, Benoit"]
[Black "Ershov, Ruslan"]
[Result "0-1"]
[WhiteElo "1994"]
[BlackElo "1919"]
[PlyCount "57"]
[EventDate "2009.09.27"]
[EventType "team-tourn"]
[EventRounds "11"]
[EventCountry "FRA"]
[SourceTitle "EXT 2011"]
[Source "ChessBase"]
[SourceDate "2010.11.26"]
[SourceVersion "1"]
[SourceVersionDate "2010.11.26"]
[SourceQuality "1"]

1. e4 e5 2. Nf3 Nc6 3. d4 exd4 4. Bc4 Bb4+ 5. c3 dxc3 6. 0-0 Nge7 7. Ng5 d5 8. exd5 Ne5 9. Qa4+ b5 10. Qxb5+ N7c6 11. dxc6 Bd6 12. Nxc3 a5 13. Re1 0-0 14. Qa4 h6 15. Nf3 Nxf3+ 16. gxf3 Qf6 17. Ne4 Qxf3 18. Qd1 Qf5 19. Ng3 Qc5 20. Qd5 Qb4 21. Bd2 Qxb2 22. Reb1 Qa3 23. Qg2 Bg4 24. Rb3 Qc5 25. Rc1 Qd4 26. Ra3 Qb2 27. Ne4 Bf5 28. Re1 Rae8 29. Bb3 0-1